Revista de la CEPAL (Registro nro. 1265)
[ vista simple ]
| 000 -LEADER | |
|---|---|
| fixed length control field | 00596nas a22001817a 4500 |
| 008 - CAMPO DE CONTROL RECURSOS CONTINUADOS | |
| fixed length control field | 130314t20049999cl ||||| |||| 00| 0 spa d |
| 022 ## - INTERNATIONAL STANDARD SERIAL NUMBER | |
| International Standard Serial Number | 0252-0257 |
| 245 ## - TITULO | |
| Titulo | Revista de la CEPAL |
| 260 ## - PUBLICACION, DISTRIBUCION, ETC. (PIE DE IMPRENTA) | |
| Lugar de publicación, distribución, etc | Santiago de Chile: |
| Nombre de la editorial, distribuidor, etc. | Organización de las Naciones Unidas; Comisión Económica para América Latina y el Caribe, |
| Fecha de publicación | 2004 |
| 300 ## - DESCRIPCION FISICA | |
| Extensión | v. : |
| 310 ## - FRECUENCIA ACTUAL DE LA PUBLICACION | |
| Frecuencia actual de la publicación | cuatrimestral |
| 546 ## - NOTA DE IDIOMA | |
| Nota de lenguaje | español |
| 590 ## - NOTAS LOCALES (RLIN) | |
| Nota local | Indizada en: Latindex y Thomson ISI |
| 590 ## - NOTAS LOCALES (RLIN) | |
| Nota local | 2004 (84)<br/>BAJA DEPOSITO (CAJA 21) MAYO 2019 |
| 650 ## - MATERIA-TERMINO TEMATICO | |
| Término temático | ECONOMIA |
| 9 (RLIN) | 1984 |
| 856 ## - LOCALIZACION ELECTRONICA Y ACCESO | |
| Identificador Uniforme de Recurso (URI) | <a href="http://www.eclac.org/revista/">http://www.eclac.org/revista/</a> |
| 942 ## - ADDED ENTRY ELEMENTS (KOHA) | |
| Source of classification or shelving scheme | Dewey Decimal Classification |
| Item type | Continuing Resources |
No hay ítems disponibles.